[Event "Landesliga Nord 1617"]
[Site "Bayern"]
[Date "2017.02.19"]
[Round "6.8"]
[White "Groemer, Simon"]
[Black "Fischer, Oliver1111"]
[Result "0-1"]
[WhiteElo "1493"]
[BlackElo "2027"]
[PlyCount "82"]
[EventDate "2016.10.16"]
[EventType "team-tourn"]
[EventRounds "9"]
[EventCountry "GER"]
[SourceTitle "EXT 2019"]
[Source "ChessBase"]
[SourceDate "2018.10.10"]
[SourceVersion "1"]
[SourceVersionDate "2018.10.10"]
[SourceQuality "1"]
[WhiteTeam "Bindlach Aktionaer II"]
[BlackTeam "Nuernberg Sued SW"]
[WhiteTeamCountry "GER"]
[BlackTeamCountry "GER"]

1. d4 e6 2. e4 d5 3. exd5 exd5 4. Bd3 Bd6 5. Ne2 Bg4 6. f3 Bh5 7. 0-0 Nc6 8. c3 Nge7 9. Bf4 Bg6 10. Bxd6 Qxd6 11. Ng3 Qf4 12. Qe2 Nxd4 13. cxd4 Qxd4+ 14. Qf2 Qxf2+ 15. Rxf2 Bxd3 16. Nc3 c6 17. Rd1 Ba6 18. Re1 g6 19. Na4 Bb5 20. Nc5 b6 21. Nb3 Kd7 22. Rd2 Rhe8 23. Ne4 Ng8 24. Kf2 f5 25. Nc3 Rxe1 26. Kxe1 Re8+ 27. Kf2 Bc4 28. Nc1 Nf6 29. b3 Ba6 30. b4 Bc4 31. a4 Kd6 32. Nd3 Bxd3 33. Rxd3 Re7 34. Ne2 c5 35. bxc5+ bxc5 36. Ke1 Rb7 37. Nc3 d4 38. Kd1 a6 39. Kc2 Nd5 40. Na2 Ne3+ 41. Kc1 Nxg2 0-1

[Event "Oberfranken-ch U18"]
[Site "Schney"]
[Date "2017.01.03"]
[Round "1"]
[White "Groemer, Simon"]
[Black "Voelker, Daniel"]
[Result "1/2-1/2"]
[WhiteElo "1458"]
[BlackElo "1522"]
[PlyCount "79"]
[EventDate "2017.01.03"]
[EventType "tourn"]
[EventRounds "7"]
[EventCountry "GER"]
[SourceTitle "EXT 2019"]
[Source "ChessBase"]
[SourceDate "2018.10.10"]
[SourceVersion "1"]
[SourceVersionDate "2018.10.10"]
[SourceQuality "1"]

1. e4 e6 2. Nf3 d5 3. exd5 exd5 4. d4 Bd6 5. Bd3 Ne7 6. 0-0 0-0 7. Re1 Bg4 8. c3 h6 9. Nbd2 Nd7 10. h3 Bh5 11. Qb3 Rb8 12. Ne5 c6 13. Qc2 Nxe5 14. dxe5 Bc7 15. Nf1 Bg6 16. Bxg6 Nxg6 17. e6 Qf6 18. exf7+ Rxf7 19. Be3 Bb6 20. Re2 Nf4 21. Bxf4 Qxf4 22. Nh2 Rbf8 23. Nf3 Bc7 24. Rae1 Qd6 25. Re6 Qd8 26. R1e2 Rf6 27. Nd4 Bb6 28. Rxf6 Qxf6 29. Nf3 Bc7 30. Nh2 Qd6 31. Nf1 Qf4 32. Qd2 Qf6 33. Nh2 Bxh2+ 34. Kxh2 Qd6+ 35. Kg1 Qf6 36. Qe3 a6 37. Qe6+ Qf7 38. Qe7 Qxe7 39. Rxe7 Rf7 40. Re8+ 1/2-1/2

[Event "Oberfranken-ch U16"]
[Site "Schney"]
[Date "2015.01.05"]
[Round "5"]
[White "Groemer, Simon"]
[Black "Yigit, Furkan"]
[Result "1-0"]
[WhiteElo "1300"]
[BlackElo "918"]
[PlyCount "31"]
[EventDate "2015.01.03"]
[EventType "swiss"]
[EventRounds "7"]
[EventCountry "GER"]
[SourceTitle "CBM 164 Extra"]
[Source "ChessBase"]
[SourceDate "2015.03.02"]
[SourceVersion "1"]
[SourceVersionDate "2015.03.02"]
[SourceQuality "1"]

1. e4 e5 2. Nf3 Nc6 3. Bc4 Bc5 4. Nc3 Nf6 5. 0-0 0-0 6. d3 h6 7. Nd5 d6 8. c3 Bg4 9. a4 a5 10. Be3 b6 11. Bb5 Ne7 12. Nxf6+ gxf6 13. Bxh6 Re8 14. Bxe8 Qxe8 15. h3 Bxf3 16. Qxf3 1-0

[Event "Oberfranken-ch U16"]
[Site "Schney"]
[Date "2015.01.04"]
[Round "3"]
[White "Groemer, Simon"]
[Black "Koedel, Christian"]
[Result "1-0"]
[WhiteElo "1300"]
[BlackElo "1213"]
[PlyCount "53"]
[EventDate "2015.01.03"]
[EventType "swiss"]
[EventRounds "7"]
[EventCountry "GER"]
[SourceTitle "CBM 164 Extra"]
[Source "ChessBase"]
[SourceDate "2015.03.02"]
[SourceVersion "1"]
[SourceVersionDate "2015.03.02"]
[SourceQuality "1"]

1. e4 e5 2. Nf3 Nc6 3. d4 exd4 4. Nxd4 Nf6 5. Nxc6 bxc6 6. Nc3 Bc5 7. Bg5 Be7 8. f3 0-0 9. Bc4 d6 10. 0-0 Rb8 11. Rb1 Nh5 12. Be3 Bg5 13. Bxa7 Ra8 14. Bf2 Nf4 15. Be3 Nh3+ 16. gxh3 Bxe3+ 17. Kh1 Bxh3 18. Re1 Qg5 19. Qe2 Rfe8 20. Rbd1 Ra5 21. Rd3 Bf4 22. Rg1 Qh6 23. e5 Raxe5 24. Ne4 d5 25. Bxd5 cxd5 26. Rxd5 Rxd5 27. Nf6+ 1-0

[Event "Oberfranken-ch"]
[Site "Lichtenfels"]
[Date "2014.??.??"]
[Round "7.5"]
[White "Groemer, Simon"]
[Black "Fischer, Lukas1111"]
[Result "1/2-1/2"]
[WhiteElo "994"]
[BlackElo "945"]
[PlyCount "48"]
[EventDate "2014.01.03"]
[EventType "swiss"]
[EventRounds "7"]
[EventCountry "GER"]
[SourceTitle "EXT 2022"]
[Source "ChessBase"]
[SourceDate "2021.10.06"]
[SourceVersion "1"]
[SourceVersionDate "2021.10.06"]
[SourceQuality "1"]

1. e4 e5 2. Bc4 Nf6 3. Nc3 Bc5 4. Nf3 d6 5. 0-0 Nc6 6. h3 0-0 7. d3 h6 8. Be3 Bxe3 9. fxe3 Be6 10. Bxe6 fxe6 11. d4 exd4 12. Nxd4 Nxd4 13. exd4 c5 14. dxc5 dxc5 15. Qxd8 Raxd8 16. e5 Nd5 17. Rxf8+ Kxf8 18. Nxd5 exd5 19. g4 Kf7 20. Kg2 Rf8 21. Rf1+ Ke7 22. Rxf8 Kxf8 23. Kf3 g5 24. c3 Ke7 1/2-1/2

[Event "Oberfranken-ch"]
[Site "Lichtenfels"]
[Date "2014.??.??"]
[Round "2.3"]
[White "Groemer, Simon"]
[Black "Moenius, Oliver"]
[Result "1/2-1/2"]
[WhiteElo "994"]
[BlackElo "1400"]
[PlyCount "66"]
[EventDate "2014.01.03"]
[EventType "swiss"]
[EventRounds "7"]
[EventCountry "GER"]
[SourceTitle "EXT 2022"]
[Source "ChessBase"]
[SourceDate "2021.10.06"]
[SourceVersion "1"]
[SourceVersionDate "2021.10.06"]
[SourceQuality "1"]

1. e4 d6 2. c3 Nf6 3. d3 g6 4. Nf3 Bg7 5. g3 e5 6. Be3 Nc6 7. h3 Bd7 8. Bg2 Qc8 9. Nbd2 a5 10. Qb3 a4 11. Qc2 0-0 12. b3 Ne7 13. Qc1 b6 14. b4 Ne8 15. d4 Nc6 16. d5 Ne7 17. Rb1 f5 18. b5 fxe4 19. Nxe4 Nxd5 20. Bh6 Bf5 21. Bxg7 Nxg7 22. Nfd2 Ra7 23. Rb2 Nf6 24. Nxf6+ Rxf6 25. Bd5+ Be6 26. Bxe6+ Qxe6 27. Ne4 Rf8 28. Qh6 Nf5 29. Qg5 Qd5 30. Re2 Qf7 31. g4 Qe7 32. gxf5 Qxg5 33. Nxg5 Rxf5 1/2-1/2